00284nam a2200097Ia 4500008004100000041000800041100003100049245005600080260003100136999001900167241105s9999 xx 000 0 und d aeng aNandurkar Priyanka9183186 aTo Design framework For Sustainable Swm For Bharuch bBNCA M Arch EA, Punec2017 c361481d361481